Представление документа в формате MARC21

Поле Инд. ПП Название Значение
Тип записи a
Библиографический уровень a
001 Контрольный номер 336bb71c7ea1446e818242aa19dc5d90
005 Дата корректировки 20180417143037.1
020 a ISBN 978-5-7609-1272-5
040 a Служба первич. каталог. НБ ТвГУ
b Код языка каталог. rus
e Правила каталог. PSBO
041 0_ a Код языка текста rus
097 b Оператор raenko
098 b Факультет Институт педагогического образования и социальных технологий
c Кафедра Музыкального образования
100 1_ a Автор Сусоева Ольга Валентиновна
q Полное имя Сусоева О. В.
245 10 a Заглавие Развитие музыкальной грамотности младших школьников в свете требований ФГОС НОО
260 a Место издания Тверь
b Издательство Тверской государственный университет
504 a Библиография Библиогр.: с. 120-121 (11 назв.)
520 0_ a Аннотация В статье рассматриваются требования ФГОС НОО к художественно-эстетическому воспитанию школьников. Автор предлагает различные методические подходы к формированию музыкальной грамотности младших школьников
653 0_ a Ключевые слова ФГОС НОО
a Ключевые слова Художественно-эстетическое воспитание
a Ключевые слова Музыка
a Ключевые слова Уроки музыки в начальной школе
a Ключевые слова Музыкальная грамотность
a Ключевые слова Младший школьник
a Ключевые слова Труды Тверского государственного университета
700 12 a Другие авторы Усанова Нина Александровна
q Полное имя Усанова Н. А.
773 18 w Контрольный № источника 605b877fb9634361a65ef9a04c507d39
t Название источника Молодежь и государство: научно-методологические, социально-педагогические и психологические аспекты развития современного образования
d Место и дата издания Тверь : Тверской государственный университет, 2017
g Прочая информация С. 115 - 121
856 40 u URL http://texts.lib.tversu.ru/texts/13289t.pdf
x Примечание для ЭОР Реестр суммарного учета сетевых локальных документов
i Дата подключения ЭОР 20180413
x Примечание для ЭОР Справка УИС 2017
901 t Тип документа a
920 a Оператор Раен